Lasaniat or Zaban ki Tashkeel/ (Record no. 614256)
[ view plain ]
| 000 -LEADER | |
|---|---|
| fixed length control field | 00674nam a22001817a 4500 |
| 020 ## - INTERNATIONAL STANDARD BOOK NUMBER | |
| International Standard Book Number | 9789693710809 |
| 082 ## - DEWEY DECIMAL CLASSIFICATION NUMBER | |
| Classification number | 891.4393 |
| Author Mark | KAM |
| 100 ## - MAIN ENTRY--PERSONAL NAME | |
| Personal name | Kamal,dr Muhammad Ashraf |
| 245 ## - TITLE STATEMENT | |
| Title | Lasaniat or Zaban ki Tashkeel/ |
| Statement of responsibility, etc. | Dr Muhammad Ashraf Kamal |
| 260 ## - PUBLICATION, DISTRIBUTION, ETC. | |
| Place of publication, distribution, etc. | Islamabad; |
| Name of publisher, distributor, etc. | National book foundation, |
| Date of publication, distribution, etc. | 2019. |
| 300 ## - PHYSICAL DESCRIPTION | |
| Extent | 312 p. |
| Dimensions | 23cm. |
| 563 ## - BINDING INFORMATION | |
| Binding note | PB |
| 650 ## - SUBJECT ADDED ENTRY--TOPICAL TERM | |
| Topical term or geographic name entry element | Linguistics Theoretical approaches |
| 880 ## - ALTERNATE GRAPHIC REPRESENTATION | |
| Linkage | 100-01\(3\r |
| Title | ڈاکٹر محمد اشرف کمال \ |
| 880 ## - ALTERNATE GRAPHIC REPRESENTATION | |
| Linkage | 245-02\(3\r |
| Title | لسانیات اور زبان کی تشکیل\ |
| 880 ## - ALTERNATE GRAPHIC REPRESENTATION | |
| Linkage | 260-03\(3\r |
| Title | اسلام آباد; |
| b | نیشنل بک فاونڈیشن, |
| c | 2019. |
| 942 ## - ADDED ENTRY ELEMENTS (KOHA) | |
| Source of classification or shelving scheme | |
| Koha item type | Book |
| 650 ## - SUBJECT ADDED ENTRY--TOPICAL TERM | |
| -- | 129675 |
| Withdrawn status | Lost status | Source of classification or shelving scheme | Damaged status | Not for loan | Permanent Location | Current Location | Date acquired | Total Checkouts | Full call number | Barcode | Date last seen | Price effective from | Koha item type |
|---|---|---|---|---|---|---|---|---|---|---|---|---|---|
| Central Library (CL) | Central Library (CL) | 07/10/2025 | 891.4393 KAM | CL-D-2773 | 03/16/2026 | 07/10/2025 | Book |
